000 00269nam a2200121Ia 4500
008 190216s9999||||xx |||||||||||||| ||und||
100 _aSubramanian
245 0 _aSales Tax Law And Practice
260 _bNull
_c2001
300 _a176p
650 _aCommerce
942 _cBK
999 _c6114
_d6114